000 00651nam a2200193Ia 4500
008 151121s9999||||xx |||||||||||||| ||und||
082 _a813-/दिवाण
082 _bHNW-115626
100 _aदिवाण वृंदा
245 _aअनुभवाचे वर्तुळ
260 _b"अभिनंदन ग्रंथ समिती, मुंबई"
260 _c2013
300 _a212
600 _aदिवाण वृंदा
630 _aअनुभवाचे वर्तुळ
700 _aदिवाण वृंदा
730 _aअनुभवाचे वर्तुळ
942 _cBOOK
999 _c1264341
_d1264338